000 01349nam a2200397 i 4500
001 61320
003 ES-MaACL
005 20251108162859.0
007 t|
008 031111m19231927fr ||||1| fre d
100 1 _aEurípides.
_948332
245 1 0 _aEurípide /
_ctexte établi et traduit par Louis Meridier, [Leon Parmentier et Henri Gregoire].
260 _aParís :
_bSocieté d'Edition "Les Belles Lettres",
_c1923-1927.
300 _a4 v. ;
_c20 cm.
490 1 _aCollection des Universités de France
505 8 _aContiene: T.I: Le cyclope. Alceste. Medë. Les Héraclides. -- T.II: Hippolyte. Andromaque. Hècube. -- T.III: Héraclés. Les suppliantes. Ion. -- T.IV: Les troyennes. Iphigénie en Tauride. Electre
700 1 _aMeridier, Louis.
_980497
700 1 _aParmentier, Leon.
_989199
700 1 _aGrégoire, Henri,
_d1750-1831
_959883
740 3 _aLe cyclope.
740 0 _aAlceste.
740 0 _aMédée.
740 4 _aLes Hèraclides.
740 0 _aHippolyte.
740 0 _aAndromaque.
740 0 _aHécube.
740 0 _aHèracles.
740 4 _aLes suppliantes.
740 0 _aIon.
740 4 _aLes troyennes.
740 0 _aIphigenie en Tauride.
740 0 _aElectre.
830 0 _aCollection des Universités de France
_9180876
852 _aES-MaACL
_jE-3225-8
999 _c61320
_d61320